000 00852nam a2200229 4500
001 148659
003 ES-MaACL
005 20230906202742.0
007 t|
008 070214s1944 sp r ||||1| spa d
100 1 _aStulz, Josef.
_9108502
245 1 0 _aHistoria de los Estados Unidos de América /
_cJosef Stulz ; [traducción del alemán de Francisco Moret, Jorge Garzolini y Jesús Ruiz].
260 _aBarcelona :
_bLuis Caralt,
_c[1944] (
_fTall. Gráf. Sociedad de Publicaciones)
300 _a423 p., 15 lám. ;
_c22 cm.
490 1 _aAtalaya del tiempo pasado. Cultura histórica
700 1 _aMoret, Francisco.
_983470
700 1 _aRuiz, Jesús.
_9100613
700 1 _aGarzolini, Jorge.
_955816
830 0 _aAtalaya del tiempo pasado. Cultura histórica
_9187518
852 _aES-MaACL
_jF-16219
_bR.21079
999 _c148659
_d148659